Pays enclavés d'Europe - Mort subite - Statistiques

Statistiques générales
  • Ce quiz a été pris 169 fois
    108 depuis la dernière actualisation
  • Le résultat moyen est 9 sur 15
Answers on the Grid
Answers color-coded by a green-red scale on the quiz's grid according to % correct below.
Andorre
Autriche
Biélorussie
Hongrie
Liechtenstein
Luxembourg
Macédoine du Nord
Moldavie
Saint-Marin
Serbie
Slovaquie
Suisse
Tchéquie
Vatican
Monaco
Kosovo
Monténégro
Albanie
Bulgarie
Roumanie
Slovénie
Bosnie
Croatie
Belgique
Lituanie
Lettonie
Estonie
Pologne
 
Statistiques - réponses
Réponse % Correct
Vatican
74%
Suisse
73%
Saint-Marin
68%
Hongrie
67%
Luxembourg
64%
Liechtenstein
63%
Autriche
62%
Andorre
59%
Kosovo
59%
Tchéquie
56%
Slovaquie
55%
Macédoine du Nord
52%
Biélorussie
51%
Moldavie
49%
Serbie
49%
Aucun quiz correspondant
Distribution des résultats
% des personnes avec chaque résultat
Percentile par nombre de réponses
Votre historique - résultats
Vous n’avez pas pris ce quiz depuis la dernière actualisation